Olympische Ball Sportarten - Statistiken

Allgemein
  • Dieses Quiz wurde 493 mal gespielt
    448 seit der letzten Aktualisierung
  • Das Durchschnittsergebnis liegt bei 8 aus 13
Antwortstatistiken
Antwort % Korrekt
Fußball
100%
Basketball
96%
Handball
91%
Tennis
88%
Volleyball
82%
Tischtennis
75%
Hockey
73%
Wasserball
56%
Baseball
51%
Rugby
51%
Golf
49%
Cricket
27%
Lacrosse
6%
Keine übereinstimmenden Quizze gefunden
Verteilung der Resultate
Anzahl Personen mit jedem Resultat
Perzentil nach korrekt beantworteten Fragen
Ihre Resultats-Entwicklung
Sie haben dieses Quiz seit der letzten Aktualisierung nicht gespielt